LEADER 01225nam a2200253 4500 001 000000352757 003 CaOOAMICUS 005 20230223124415.0 008 230120s2022 it 000 u ita r 040 $aSeMil$bita 110 1 $aUfficio nazionale per l'ecumenismo e il dialogo interreligioso della Conferenza Episcopale Italiana.$0(OLS)http://semarc/name/117029 245 12$aL'Italia di oggi: pluriconfessionale e plurireligiosa :$bun primo sguardo in prospettiva pastorale /$cUfficio Nazionale per l'Ecumenismo e il Dialogo Interreligioso. 264 1$aRoma :$bUNEDI,$c2022. 300 $a99 p. ;$c24 cm 500 $aSul front.: dati aggiornati a ottobre 2022 541 0 $aOmaggio mons. Mario Delpini 650 4$aPluralismo religioso - Italia - Sec. 21.$0(OLS)http://semarc/subject/47459 850 $aSeMil 852 $aSeMil$W1$xVenegono$y1$m3N V 700$j237707$B243971$CSeMilBibl$Z2$F243971 $81 941 1 $a7 961 $aOmaggio mons. Mario Delpini 996 $6245$aL'Italia di oggi: pluriconfessionale e plurireligiosa :$bun primo sguardo in prospettiva pastorale$9(OLS)http://semarc/title/442669 996 $6264$aRoma :$bUNEDI$9(OLS)http://semarc/publisher/30345 LEADER 01258nam a2200289 i 4500 001 000000109829 003 CaOOAMICUS 005 20110405000000.0 008 110405s2002 it u000 u ita u 013 $a82510 020 $a88-343-0877-8 040 $aSeMil$bita 100 1 $aBarbarino, Antonino.$0(OLS)http://semarc/name/46087 245 10$aElementi di endocrinologia /$cAntonino Barbarino, Maria Antonia Satta e Simonetta Colasanti. 260 $aMilano :$bVita e Pensiero,$ccopyr. 2002. 300 $a130 p. ;$c21 cm. 490 0 $aV&P Strumenti. Medicina. Materiali didattici 650 4$aEndocrinologia.$0(OLS)http://semarc/subject/19481 700 1 $aColasanti, Simonetta.$0(OLS)http://semarc/name/46089 700 1 $aSatta, Maria Antonia.$0(OLS)http://semarc/name/46088 830 0$aStrumenti. Medicina. Materiali didattici.$0(OLS)http://semarc/title/401071 850 $aSeMil 852 $aSeMil$W1$xVenegono$y1$m3XP III 20$j65768$B65768$CSeMilBibl$Z2$F75993 $81 961 $aOmaggio: Colasanto Prof. Michele 996 $6020$a88-343-0877-8$9(OLS)http://semarc/number/91344 996 $6245$aElementi di endocrinologia$9(OLS)http://semarc/title/159512 996 $6260$aMilano :$bVita e Pensiero$9(OLS)http://semarc/publisher/29642